Desenvolvimento econômico local no brasil : (Registro nro. 8646)

Detalles MARC
000 -LEADER
fixed length control field 01299nam a2200229Ia 4500
003 - CONTROL NUMBER IDENTIFIER
control field OSt
005 - DATE AND TIME OF LATEST TRANSACTION
control field 20211027150553.0
008 - FIXED-LENGTH DATA ELEMENTS--GENERAL INFORMATION
fixed length control field 210310s2000 cl ab fr 000 0 por d
040 ## - CATALOGING SOURCE
Original cataloging agency CO-JMCR
Transcribing agency CO-JMCR
041 0# - LANGUAGE CODE
Language code of text/sound track or separate title por
082 04 - DEWEY DECIMAL CLASSIFICATION NUMBER
Classification number 338.981 /
Item number D541d
Edition number 23
100 1# - MAIN ENTRY--PERSONAL NAME
Personal name Dias Coelho, Franklin,
9 (RLIN) 17876
Relator term autor
245 10 - TITLE STATEMENT
Title Desenvolvimento econômico local no brasil :
Remainder of title as experiências recentes num contexto de descentralização /
Statement of responsibility, etc. Franklin Dias Coelho
260 ## - PUBLICATION, DISTRIBUTION, ETC.
Place of publication, distribution, etc. Santiago de Chile :
Name of publisher, distributor, etc. Cepal,
Date of publication, distribution, etc. 2000
300 ## - PHYSICAL DESCRIPTION
Extent iii, 53 páginas :
Other physical details ilustraciones y mapas a blanco y negro ;
Dimensions 28 cm.
490 0# - SERIES STATEMENT
Series statement Proyecto Cepal/GTZ "Desarrollo económico local y descentralización en América Latina"
504 ## - BIBLIOGRAPHY, ETC. NOTE
Bibliography, etc. note Bibliografía: página 49
505 0# - FORMATTED CONTENTS NOTE
Formatted contents note Introdução: descentralização e território o pacto federativo brasileiro -- Os caminhos dos projetos de desenvolvimento economico local no Brasil -- As tendencias recentes de desenvolvimento economico local -- Os aspectos comunes e perfil geral das experiencias -- Vuma avaliação inicial e algumas perguntas que ficam -- Algumas discussões conceituais que orientam a avaliação
650 14 - SUBJECT ADDED ENTRY--TOPICAL TERM
Topical term or geographic name entry element Desarrollo económico
9 (RLIN) 17878
General subdivision Tendencias
Geographic subdivision Brasil
651 24 - SUBJECT ADDED ENTRY--GEOGRAPHIC NAME
Source of heading or term Actividad económica
General subdivision Datos socioeconómicos
Geographic subdivision Brasil
9 (RLIN) 41313
942 ## - ADDED ENTRY ELEMENTS (KOHA)
Source of classification or shelving scheme Dewey Decimal Classification
Koha item type Books
Existencias
Withdrawn status Lost status Source of classification or shelving scheme Damaged status Not for loan Collection code Home library Current library Date acquired Source of acquisition Full call number Barcode Date last seen Copy number Koha item type
    Dewey Decimal Classification     Non-fiction Biblioteca Pública José María del Castillo y Rada Biblioteca Pública José María del Castillo y Rada 04/15/2018 Donación 338.981 / D541d 430005612 05/16/2024 Ej.1 Books